00391nam a2200157Ia 4500003000400000005001700004008004100021040000700062041000800069082002600077100002300103245004400126260003700170300001300207365001300220OSt20230327111547.0210423s2008 xx 000 0 und d cAL aeng a574.192028223b PLUD aPLUMMER (David T). aIntroduction to practical biochemistry. aNew DelhibTata McGrawhillc2008 axvii,332 b230cINR